000 00817nam a22002417a 4500
005 20250130152906.0
008 250127b |||||||| |||| 00| 0 eng d
020 _a978-1-032-85998-9 (hbk)
037 _cTB
040 _aAL
_cAL
041 _2eng
_aeng
084 _aY:6.2 R4
_qAL
245 _aCulture change in India:
_bIntellectual traditions, institutions and regions
260 _aLondon, UK:
_bRoutledge,
_c2024
300 _axx, 346p.
365 _b1595.00
_cINR
650 _aSociology
653 _aSociology
700 _aNagla, B.K. (Editor)
_9734847
700 _aChoudhary, Kameshwar (Editor)
_9734848
942 _2CC
_cTB
_hY:6.2 R4
_n0
999 _c1238274
_d1238274